000 00620nam a2200229Ia 4500
003 OSt
005 20221007073242.0
006 a|||||r|||| 00| 0
007 ta
008 221006b |||||||| |||| 00| 0 eng d
024 _a16,417
037 _cTextual
040 _aFLL
_cFLL
_beng
041 _2eng
_aeng
082 _aX9:Z2q, K1
100 _aSrivastava Kirpa Dayal Au.
_9691985
245 0 _aFactories act,1948
260 _aLucknow
_bEastern book comp. India
_c1961
300 _axxix,892p
_ccm.
942 _hX9:Z2q, K1
_cTEXL
_2CC
999 _c1148147
_d1148147